|
|
|
|
| LEADER |
00000nam0a2200000 4500 |
| 001 |
148699 |
| 005 |
20231101221359.0 |
| 010 |
|
|
|a 5217014342
|
| 035 |
|
|
|a (RuTPU)RU\TPU\book\161229
|
| 090 |
|
|
|a 148699
|
| 100 |
|
|
|a 20081206d1991 m y0rusy50 ca
|
| 101 |
0 |
|
|a rus
|
| 102 |
|
|
|a RU
|
| 105 |
|
|
|a a j 001zy
|
| 200 |
1 |
|
|a Автоматизированные системы управления производством
|e учебное пособие для машиностроительных техникумов
|f Э. А. Третьяков, Л. А. Игнатова
|
| 210 |
|
|
|a Москва
|d 1991
|c Машиностроение
|
| 215 |
|
|
|a 96 с.
|c ил.
|
| 225 |
1 |
|
|a Для техникумов
|
| 320 |
|
|
|a Библиогр.: с. 91.
|
| 320 |
|
|
|a Предметный указатель: с. 92-93.
|
| 606 |
|
|
|a Промышленные предприятия
|x Управление
|x Моделирование
|2 stltpush
|3 (RuTPU)RU\TPU\subj\52702
|9 71105
|
| 610 |
1 |
|
|a производства
|
| 610 |
1 |
|
|a автоматизированные системы управления
|
| 610 |
1 |
|
|a АСУ
|
| 610 |
1 |
|
|a управление
|
| 610 |
1 |
|
|a учебные пособия
|
| 610 |
1 |
|
|a производственные системы
|
| 675 |
|
|
|a 658.012(075.8)
|v 3
|
| 700 |
|
1 |
|a Третьяков
|b Э. А.
|g Эрик Алексеевич
|
| 701 |
|
1 |
|a Игнатова
|b Л. А.
|g Лидия Андреевна
|
| 801 |
|
1 |
|a RU
|b 63413507
|c 20081206
|g PSBO
|
| 801 |
|
2 |
|a RU
|b 63413507
|c 20180329
|g PSBO
|
| 942 |
|
|
|c BK
|